Statistiques concernant Focus sur: Olivier Dubois - Harry Potter

Cliquez ici pour prendre le quiz!

Statistiques générales

  • Ce quiz a été pris 218 fois
  • Le résultat moyen est 7 sur 8

Statistiques - réponses

Informations recherchéesRéponses% Correct
Première apparitionHarry Potter à l'école des sorciers
100%
Couleur des cheveuxChâtain
99%
Poste occupé au QuidditchGardien
99%
Maison fréquentéeGryffondor
99%
Lieu de rencontre avec Harry PotterPoudlard
99%
Ecole fréquentéePoudlard
99%
ProfessionJoueur de Quidditch
78%
Acteur l'interprétant dans les filmsSean Biggerstaff
25%

Distribution des résultats

Percentile par nombre de réponses

% des personnes avec chaque résultat

Votre développement - résultats

Vous n’avez pas pris ce quiz